| 000 | 01090cam a22002054a 4500 | ||
|---|---|---|---|
| 005 | 20250605164054.0 | ||
| 008 | 250528s ||||||||||||||||||||||||d | ||
| 035 | _a17411 | ||
| 020 | _a1576750493 | ||
| 040 |
_aGR-AtMCL _bgre _dGR-AtMCL _eAACR2 |
||
| 245 | 1 | _aCorporate Creativity / How Innovation and Improvement actually Happen | |
| 260 |
_bBerret-Koehler Publishers, Inc., _c1998 |
||
| 300 | _a277 | ||
| 520 | _aThe Definitive guide to managing for creativity in any kind of company. Acknowledgements, Introduction: The Power of the Unexpected, How Preconceptions Limit Corporate Creativity, What Do we Really Know about Creativity?, The Decline of the Simple Suggestion System and the Rise of a New Generation, How Misalignment Shuts Down Creativity, Alignment: The First Essential Element, Self-Initiated Activity, Unofficial Activity, Serendipity, Diverse Stimuli, Within-Company Communication, Unleasing Corporate Creativity: Where to Start, Notes, Index. | ||
| 700 | 1 |
_aRobinson Alan G _93566 |
|
| 700 | 1 |
_aStern Sam _93567 |
|
| 942 | _cBK | ||
| 999 |
_c2832 _d2832 |
||